Catálogo público

Congelación de alimentos / (Record no. 173398)

MARC details
000 -CABECERA
campo de control de longitud fija 01419nam a2200325Ia 4500
001 - NÚMERO DE CONTROL
campo de control dia_2898
003 - IDENTIFICADOR DEL NÚMERO DE CONTROL
campo de control CHAP
005 - FECHA Y HORA DE LA ÚLTIMA TRANSACCIÓN
campo de control 20251023173814.0
008 - DATOS DE LONGITUD FIJA--INFORMACIÓN GENERAL
campo de control de longitud fija 220117s1960 xx 000 0 und d
010 ## - NÚMERO DE CONTROL DE LA BIBLIOTECA DEL CONGRESO
Número de control de LC 173398
040 ## - FUENTE DE LA CATALOGACIÓN
Centro/agencia transcriptor CHAP
082 ## - NÚMERO DE LA CLASIFICACIÓN DECIMAL DEWEY
Número de clasificación 664.85 D66 1960
100 ## - ENTRADA PRINCIPAL--NOMBRE DE PERSONA
Nombre de persona Doménech Sors, Juan
9 (RLIN) 33748
245 ## - MENCIÓN DE TÍTULO
Título Congelación de alimentos /
Mención de responsabilidad, etc. Juan Domenech Sors
260 ## - PUBLICACIÓN, DISTRIBUCIÓN, ETC.
Lugar de publicación, distribución, etc. España :
Nombre del editor, distribuidor, etc. Sintes,
Fecha de publicación, distribución, etc. 1960
300 ## - DESCRIPCIÓN FÍSICA
Extensión 2 t.
400 ## - MENCIÓN DE SERIE/PUNTO DE ACCESO ADICIONAL--NOMBRE DE PERSONA [OBSOLETO, CAN/MARC], [LOCAL, USA]
Nombre de persona SELECTA ENCICLOPEDIA PRACTICA, 137-138
440 ## - MENCIÓN DE SERIE/PUNTO DE ACCESO ADICIONAL--TÍTULO
Título Selecta Enciclopedia Práctica ; 135-138
9 (RLIN) 153709
503 ## - NOTA DE HISTORIA BIBLIOGRÁFICA (BK CF MU) [OBSOLETO]
Nota de historia bibliográfica D.
505 ## - NOTA DE CONTENIDO CON FORMATO
Nota de contenido con formato t.Generalidades - Congelación de la carne, del pescado, de aves y de huevos - Refrigeración de la leche y de los productos lácteos - El frío en la fabricación del chocolate - Tecnología frigorífica en la producción de cerveza y vinos - La industria de los helados \ t.2. Refrigeración y congelación de frutas y hortalizas - Embalage y almacenamiento de los productos congelados - Transportes frigoríficos - La venta de los productos congelados - Descongelación
590 ## - NOTA LOCAL (RLIN)
Nota local TP493.5 D66 1960
650 ## - PUNTO DE ACCESO ADICIONAL DE MATERIA--TÉRMINO DE MATERIA
Término de materia o nombre geográfico como elemento de entrada Alimentos congelados
9 (RLIN) 4302
650 ## - PUNTO DE ACCESO ADICIONAL DE MATERIA--TÉRMINO DE MATERIA
Término de materia o nombre geográfico como elemento de entrada Food preservation
9 (RLIN) 147450
650 ## - PUNTO DE ACCESO ADICIONAL DE MATERIA--TÉRMINO DE MATERIA
Término de materia o nombre geográfico como elemento de entrada Frozen foods
9 (RLIN) 147452
650 ## - PUNTO DE ACCESO ADICIONAL DE MATERIA--TÉRMINO DE MATERIA
Término de materia o nombre geográfico como elemento de entrada Preservación de alimentos
9 (RLIN) 144378
901 ## - ELEMENTOS DE DATOS A LOCAL LDA (RLIN)
a 664.85 D66 1960
902 ## - ELEMENTOS DE DATOS B LOCAL, LDB (RLIN)
a M
905 ## - ELEMENTOS DE DATOS E LOCAL, LDE (RLIN)
a 5222271960 sp Amn 8222223322spa16
942 ## - ELEMENTOS DE PUNTO DE ACCESO ADICIONAL (KOHA)
Tipo de ítem Koha Libro
Fuente del sistema de clasificación o colocación Dewey Decimal Classification
Holdings
Estado de retiro Estado de pérdida Fuente del sistema de clasificación o colocación Estado dañado No para préstamo Código de colección Localización permanente Ubicación/localización actual Ubicación en estantería Fecha de adquisición Información codificada de la localización en otra ubicación Enumeración/cronología de publicación seriada Total de préstamos Código de barras Fecha visto por última vez Número de copia Precio válido a partir de Tipo de ítem Koha Fecha del último préstamo
    Dewey Decimal Classification     General Ingenieria Agroindustrial Ingenieria Agroindustrial   18/01/2022 1 Tomo: 2   dia_010197 18/01/2022 2 18/01/2022 Libro  
    Dewey Decimal Classification     General Ingenieria Agroindustrial Ingenieria Agroindustrial   18/01/2022 1 Tomo: 2 1 dia_001936 01/04/2024 1 18/01/2022 Libro 01/04/2024
    Dewey Decimal Classification     General Ingenieria Agroindustrial Ingenieria Agroindustrial   18/01/2022 1 Tomo: 1 4 dia_010196 01/04/2024 1 18/01/2022 Libro 01/04/2024